Guess the Taylor Swift Song with no hints - #2 - Statistics

General Stats
  • This quiz has been taken 127 times
  • The average score is 148 of 250
Answer Stats
answer % Correct
I
100%
a
98%
You
98%
you
98%
the
97%
in
91%
me
88%
my
83%
and
81%
And
81%
to
80%
be
78%
I'm
78%
No
78%
were
77%
What
76%
(What
76%
So
73%
it's
67%
its
67%
time
67%
just
66%
Did
63%
I'll
63%
not
62%
with
62%
been,
60%
been
60%
been)
60%
I've
60%
all
59%
say
59%
don't
57%
never
57%
than
56%
more
55%
now,
55%
'Cause
53%
could've
53%
(Could've
53%
out
53%
should've
52%
would've
52%
didn't
51%
gonna
50%
got
50%
because
49%
Every
49%
some
48%
eyes
45%
whole
45%
bigger
44%
has
44%
over
44%
over,
44%
sky
44%
thing
43%
into
42%
about
41%
meet
41%
Goodbye,
40%
goodbye,
40%
goodbye
40%
short
40%
lot
38%
take
38%
come
37%
live
37%
without
37%
words
37%
single
35%
aftermath
34%
meant
34%
before
33%
believe
33%
touch
33%
appear
31%
pine
31%
becomes
30%
bird
30%
ears
30%
pray?
30%
sadness
30%
turned
30%
wings
30%
force
29%
Asia?
28%
Salt
28%
sick
28%
ashes
27%
flap
26%
sea
24%
streams
24%
No matching quizzes found
Score Distribution
Percent of People with Each Score
Percentile by Number Answered
Your Score History
You have not taken this quiz